Τζον Φ.Κένεντι και Μέριλιν
Αποθηκεύτηκε σε:
| Κύριος συγγραφέας: | |
|---|---|
| Άλλοι συγγραφείς: | |
| Μορφή: | Βιβλίο |
| Γλώσσα: | Greek English |
| Δημοσίευση: |
[Χ.τ.] :
Το Βήμα,
c2016.
|
| Σειρά: | Ζωή σαν μυθιστόρημα ;
1 |
| Θέματα: | |
| Ετικέτες: |
Προσθήκη ετικέτας
Δεν υπάρχουν, Καταχωρήστε ετικέτα πρώτοι!
|
MARC
| LEADER | 00000cam a2200000 a 4500 | ||
|---|---|---|---|
| 001 | 1/121516 | ||
| 008 | 200609t2016####gr | ||| |||| ||gre|| | ||
| 020 | |a 9789605037529 | ||
| 040 | |a GR-MyUa |b gre |c GR-MyUa |e AACR2 | ||
| 041 | 1 | |a gre |h eng | |
| 082 | 7 | |a 923.2 |2 (23) | |
| 100 | 1 | |a Forestier, François. | |
| 245 | 1 | 0 | |a Τζον Φ.Κένεντι και Μέριλιν / |c Φρανσουά Φορεστιέ ; μετάφραση Ρίτα Κολαίτη. |
| 246 | 1 | |i Τίτλος εξωφύλλου : |a Τζον Φ. Κένεντι και Μέριλιν : |b ο πρόεδρος και η σταρ | |
| 260 | |a [Χ.τ.] : |b Το Βήμα, |c c2016. | ||
| 300 | |a 311 σ. ; |c 21 εκ. | ||
| 490 | 1 | |a (Ζωή σαν μυθιστόρημα |v ; 1) | |
| 500 | |a Ειδική έκδοση για την εφημερίδα το ΒΗΜΑ. | ||
| 500 | |a Τίτλος πρωτοτύπου: Marilyn et JFK. | ||
| 504 | |a Βιβλιογραφία: σ. 302-311. | ||
| 600 | 1 | 0 | |a Monroe, Marilyn, |d 1926-1962 |x Relations with men. |
| 600 | 1 | 0 | |a Kennedy, John F. |q (John Fitzgerald), |d 1917-1963 |x Relations with women. |
| 650 | 0 | |a Presidents |x Paramours. |z United States. | |
| 651 | 0 | |a United States |x Politics and government |y 20th century. | |
| 700 | 1 | |a Κολαΐτη, Ρίτα, |e trlf | |
| 830 | 0 | |a Ζωή σαν μυθιστόρημα ; |v 1 | |
| 852 | |a INST |b SAMOS |e 20200609 |h 923.2 FOR |p 005300046463 |q 005300046463 |t BK |y 0 | ||
| 920 | |a Τραγάκη |b Ζαφειρούλα |y Σάμος |z 2019-04 | ||
| 970 | |a Φιλιππή |b Φάλη |z 09-06-2020 | ||